000 00452nam a2200181Ia 4500
001 18419
005 20260306171629.0
008 260306s9999||||xx |||||||||||||| ||und||
041 _aESP
082 _a658.4038011
_bS78
100 _aStair, Ralph M., 1945-
_eAUT
245 0 _aPrincipios de sistemas de información:
_bun enfoque administrativo
260 _c2011
300 _a
_c
650 _aGEN
654 _aCAN
942 _cLIB
_dJUS
_fJUS
_2ddc
_n
999 _c18419
_d18419